000 00486nam a2200181Ia 4500
008 090124s9999 xx 000 0 und d
082 _b122793
100 _aरायकर प्रतिभा
245 _a दूर दूर
250 _a1
260 _c1988
300 _a163
600 _aरायकर प्रतिभा
630 _a दूर दूर
700 _aरायकर प्रतिभा
730 _a दूर दूर
942 _cBOOK
999 _c168879
_d168879